Bull : ventas : (Registro nro. 21609)

Detalles MARC
000 -Cabecera
Campo de control interno 00930nam a2200229Ia 4500
005 - Fecha y hora del registro
control field 20260420124712.0
008 - Elementos de Longitud Fija
fixed length control field 260320s9999||||xx |||||||||||||| ||und||
041 ## - Idioma
Codigo Idioma ESP
082 ## - DEWEY y NOTACIÓN INTERNA
Dewey 658.81
Notación Interna C26
100 ## - AUTOR
Autor denominación Cañamero, Roberto,
Término de relación autor
245 #0 - TÍTULO DE MATERIAL BIBLIOGRÁFICO
Título Bull : ventas :
Título paralelo un manual para productividad vendedora
250 ## - EDICIÓN
Edición Segunda edición
260 ## - CIUDAD, EDITORIAL, AÑO
Ciudad Lima :
Nombre de la Editorial Industria Gráfica Mundo,
Año 1995
300 ## - DESCRIPCIÓN
N° Páginas 206 páginas :
Dimensiones 21 cm.
650 ## - TEMAS
Temas Tecnología (Ciencias Aplicadas)
653 ## - DESCRIPTORES
Lenguajes no controlado Administración; Gerencia de ventas
654 ## - PROGRAMAS
Programa Dpto. de Administración de Negocios
856 ## - URL - UBICACIÓN
URI/URL: Enlace exacto del recurso <a href="https://0u213x74l-y-https-ebooks7--24-com.itmsp.museknowledge.com/visorBook.aspx?i=16516&t=C8B1BC01-8914-4164-A026-EEA1F57E2020">https://0u213x74l-y-https-ebooks7--24-com.itmsp.museknowledge.com/visorBook.aspx?i=16516&t=C8B1BC01-8914-4164-A026-EEA1F57E2020</a>
Nota pública: Versión digital <a href="Véase además: Procesos de venta, por Ramón Colet Areán. Versión digital">Véase además: Procesos de venta, por Ramón Colet Areán. Versión digital</a>
856 ## - URL - UBICACIÓN
URI/URL: Enlace exacto del recurso <a href="https://itmsp.museknowledge.com/UCSP?groupID=2&action=source&sourceID=eBooks724">https://itmsp.museknowledge.com/UCSP?groupID=2&action=source&sourceID=eBooks724</a>
Nota pública: Versión digital <a href="Véase además: Base de datos Ebook7-24">Véase además: Base de datos Ebook7-24</a>
942 ## - ELEMENTOS DE KOHA
Tipo de documento Libro
Nombre del creador Justo Noguera
Código de catalogador Tania Ramirez
Esquema de clasificación Dewey Decimal Classification
Existencias
Codigo completo Registro Colección Copia número Disponibilidad Tipo de préstamo Biblioteca Actual Procedencia (Biblioteca) Ubicacón Fecha Ingreso Tipo de Adquisición Observación Date last seen Total checkouts Price effective from Tipo de Item Estado del Material Fuente de Clasificación Damaged status Withdrawn status
658.81 C26 1084990 Universidad Católica San Pablo 1 Disponible Disponible Víctor Andrés Belaunde Víctor Andrés Belaunde Planta baja cerrada 10/03/2026 Compra Contabilidad 20/03/2026   20/03/2026 Libro Bueno Dewey Decimal Classification